Evaluación de impacto de proyectos y giras de innovación de FIA

Tallennettuna:
Bibliografiset tiedot
Yhteisötekijät: FIA (Tekijä), Fundación para la Innovación Agraria (Tekijä), Ministerio de Agricultura (Tekijä)
Aineistotyyppi: Kirja
Kieli:espanja
Julkaistu: Santiago Fundación para la Innovación Agraria 2015
Painos:1a. ed
Aiheet:
Tagit: Lisää tagi
Ei tageja, Lisää ensimmäinen tagi!

MARC

LEADER 00000cam a2200000 a 4500
001 UCC1056
003 CL-VaPUC
008 170922e20151200cl |||||||||||||||||spa|d
020 |a 9789563281781 
082 0 4 |a 630  |b FUN  |2 21 
110 2 |a FIA  |e author  |9 595034 
710 2 |a Fundación para la Innovación Agraria  |e author  |9 595035 
710 2 |a Ministerio de Agricultura  |e author  |9 595036 
245 1 0 |a Evaluación de impacto de proyectos y giras de innovación de FIA 
250 |a 1a. ed 
300 |a 143 p 
942 |c BK 
945 |d 20170922 16:51:00  |a arojas 
260 |a Santiago  |b Fundación para la Innovación Agraria  |c 2015 
650 7 |a INNOVACIONES TECNOLOGICAS  |2 CL-VaPUC  |9 595037 
650 0 |a Administración agrícola   |9 264313 
650 7 |a RECURSOS AGRICOLAS  |2 CL-VaPUC  |9 404975 
650 7 |a PROYECTOS AGRICOLAS  |2 CL-VaPUC  |9 264321 
650 7 |a INNOVACION AGRARIA  |2 CL-VaPUC  |9 595038 
583 |a last modification  |c 20170922 16:51:00  |k Rodrigo Vera 
999 |c 369646  |d 369644 
952 |0 0  |1 0  |3 erb  |4 0  |6 630_000000000000000_FUN_2015  |7 0  |8 A  |9 485578  |a BIBAGR  |b BIBAGR  |i 5425166  |o 630 FUN 2015  |p 5425166  |r 2025-01-20  |w 2019-11-24  |y BK  |z Catalogado en:20170922  |k AGR